Az egyetemi évek alatti párhuzamos munkavégzés vagy a maradéktalan koncentráció a tanulmányokra az eredményesebb a diploma utáni állásszerzésben a turizmusban

Bibliográfiai részletek
Szerző: Aranyi Tamás
További közreműködők: Petykó Dr. Csilla
Dokumentumtípus: Diplomadolgozat
Kulcsszavak:Munkavállalás
párhuzamos munkavégzés
állásszerzés
Online Access:http://dolgozattar.uni-bge.hu/20567

MARC

LEADER 00000nta a2200000 i 4500
001 dolg20567
005 20200709114710.0
008 190504suuuu hu om 000 hun d
040 |a BGE Dolgozattár Repozitórium  |b hun 
041 |a hu 
100 1 |a Aranyi Tamás 
245 1 3 |a Az egyetemi évek alatti párhuzamos munkavégzés vagy a maradéktalan koncentráció a tanulmányokra az eredményesebb a diploma utáni állásszerzésben a turizmusban  |c Aranyi Tamás  |h [elektronikus dokumentum] 
695 |a Munkavállalás 
695 |a párhuzamos munkavégzés 
695 |a állásszerzés 
700 1 |a Petykó Dr. Csilla  |e ths 
856 4 0 |u http://dolgozattar.uni-bge.hu/20567/1/Szakdolgozat_Aranyi%20Tam%C3%A1s_F8Q1FQ.pdf  |z Dokumentum-elérés